=LDR 00000nam 2200000 4500 =001 INLIS000000000049324 =005 20170209085941.0 =006 =007 =008 =020 ##$$a 978-602-7686-14-4 =035 ##$$0010-021700000000116 =040 ##$$a NBPDMAT =082 ##$$a 922 =090 ##$$a 922 Sud k =100 ##$$a Sudirman =245 ##$$a Kumpulan biografi tokoh di lombok / $b H .Sudirman , S.pd., Bahrie, S.pd , Lalu Ratmaja, S. pd ; Editor Ahmad Sirulhaq , MA =250 ##$$a Cet .2 =260 ##$$a Pringgabaya : $b KSU Primaguna, $c 2015 =300 ##$$a III, 61 hlm . : $b ilus . ; $b 20 cm =650 ##$$a Biografi Tokoh Agama =700 ##$$a Bahrie =700 ##$$a Lalu Ratmaja =700 ##$$a Ahmad Sirulhaq =990 ##$$a 242/46/2017 =990 ##$$a 21604120 =990 ##$$a 21604121 =990 ##$$a 21604123 =990 ##$$a 21604124 =990 ##$$a 242/46/2017 =990 ##$$a 21604120 =990 ##$$a 21604121 =990 ##$$a 242/46/2017 =990 ##$$a 21604124 =990 ##$$a 242/46/2017 =990 ##$$a 21604120 =990 ##$$a 242/46/2017 =990 ##$$a 242/46/2017 =990 ##$$a 21604124 =990 ##$$a 242/46/2017 =990 ##$$a 242/46/2017 =990 ##$$a 242/46/2017 =990 ##$$a 242/46/2017 =990 ##$$a 21604124 =990 ##$$a 11411141 =990 ##$$a 148/42/2013 =990 ##$$a 242/46/2017 =990 ##$$a 242/46/2017 =990 ##$$a 242/46/2017 =990 ##$$a 242/46/2017 =990 ##$$a 21604124